Przegrani polskiej piłki 18/19 - Statystyki

Ogólne statystyki
  • Ten quiz został rozwiązany 46 razy
  • Średni wynik to 5 z 9
Statystyki odpowiedzi
Liga Drużyna % Poprawnych
Ekstraklasa Zagłębie Sosnowiec
86%
Ekstraklasa Miedź Legnica
82%
II Liga Ruch Chorzów
75%
I Liga GKS Katowice
66%
I Liga Bytovia Bytów
43%
I Liga Garbarnia Kraków
32%
II Liga Siarka Tarnobrzeg
30%
II Liga ROW Rybnik
27%
II Liga Rozwój Katowice
27%
Nie znaleziono quizów pasujących do podanych kryteriów
Rozkład punktacji
Procent ludzi z każdym wynikiem
Percentyl według liczby udzielonych odpowiedzi
Twoja historia wyników
Nie rozwiązałeś tego quizu